LEADER 05221cas0-2200709---45-- 001 990001129150203316 005 20101029125902.0 011 $a0024-144X 035 $a000112915 035 $aUSA01000112915 035 $a(ALEPH)000112915USA01 035 $a000112915 100 $a20030127a----9999km-y0itay0103----ba 101 $aita 102 $aIT 110 $aafaz---|||| 200 1 $aLetture$emensile di informazione culturale, letteratura e spettacolo fondato nel 1946 207 $a-64 (2009). 210 $aAlba$cSan Paolo 215 $av.$cill.$d24 cm 300 $aIl complemento del tit., le note tipografiche ed il formato variano. 300 $aIndice annuale nell'ultimo fasc. di ogni annata. 300 $aComincia nel 1946 300 $aDescrizione basata su: A.58, quad.593 (gen.2003) 304 $aTit. della cop. 326 $aPubblica 10 n. l'anno 606 0 $aLettura$xPeriodici 606 0 $aLetteratura$xPeriodici 676 $a028.05 801 0$aIT$bsalbc$gISBD 856 4 $uhttp://www.stpauls.it/letture/$4.$zOnline 912 $a990001129150203316 958 $aUMA$bFondo$c6 (1951)-7 (1952); 9 (1954)-17 (1962); 19 (1964)-47 (1992); 50 (1995)-64 (2009).$l1973; 1976; 1982; 1992; 1997; 959 $aSE 979 $aANNAPIA$b90$c20030127$lUSA01$h1731 979 $aPATRY$b90$c20040406$lUSA01$h1718 979 $aVITTORIANA$b90$c20101029$lUSA01$h1252 979 $aVITTORIANA$b90$c20101029$lUSA01$h1256 979 $aVITTORIANA$b90$c20101029$lUSA01$h1259 996 $aLetture$977535 997 $aUNISA Z30 2$lUSA50$LAdministrative$mISSBD$1UMA$AUMA$3Fondo$6161028/01$5B1768$820030128$a2001$b56$c574$f09$FNON Prestabile$hA.56, quad.574-582 (gen.-dic.2001)$i20010128$j20010227$k20030127 Z30 2$lUSA50$LAdministrative$mISSUE$1UMA$AUMA$3Fondo$5137791-110$820030128$a2002$b57$c592$f09$FNON Prestabile$hA.57, quad.592 (2002)$i20021019$j20021118 Z30 2$lUSA50$LAdministrative$mISSUE$1UMA$AUMA$3Fondo$5137791-130$820030128$a2002$b57$c587$f09$FNON Prestabile$hA.57, quad.587 (2002)$i20020507$j20020606$k20030128 Z30 2$lUSA50$LAdministrative$mISSUE$1UMA$AUMA$3Fondo$5137791-140$820030128$a2002$b57$c588$f09$FNON Prestabile$hA.57, quad.588 (2002)$i20020609$j20020709$k20030128 Z30 2$lUSA50$LAdministrative$mISSUE$1UMA$AUMA$3Fondo$5137791-150$820030128$a2002$b57$c589$f09$FNON Prestabile$hA.57, quad.589 (2002)$i20020712$j20020811$k20030128 Z30 2$lUSA50$LAdministrative$mISSUE$1UMA$AUMA$3Fondo$5137791-40$820030127$a2002$b57$c584$f09$FNON Prestabile$hA.57, quad.584 (2002)$i20020128$j20020227$k20030128 Z30 2$lUSA50$LAdministrative$mISSUE$1UMA$AUMA$3Fondo$5137791-50$820030127$a2002$b57$c590$f09$FNON Prestabile$hA.57, quad.590 (2002)$i20020814$j20020913$k20030127 Z30 2$lUSA50$LAdministrative$mISSUE$1UMA$AUMA$3Fondo$5137791-60$820030127$a2002$b57$c591$f09$FNON Prestabile$hA.57, quad.591 (2002)$i20020916$j20021016 Z30 2$lUSA50$LAdministrative$mISSUE$1UMA$AUMA$3Fondo$5137791-70$820030127$a2002$b57$c585$f09$FNON Prestabile$hA.57, quad.585 (2002)$i20020302$j20020401$k20030127 Z30 2$lUSA50$LAdministrative$mISSUE$1UMA$AUMA$3Fondo$5137791-80$820030127$a2002$b57$c586$f09$FNON Prestabile$hA.57, quad.586 (2002)$i20020404$j20020504$k20030128 Z30 2$lUSA50$LAdministrative$mISSUE$1UMA$AUMA$3Fondo$6162539$5137791-120$820030128$a2001$b56$c583$f09$FNON Prestabile$hA.57, quad.583 (gen.2002)$i20020128$j20020227$k20030128 Z30 2$lUSA50$LAdministrative$mISSUE$1UMA$AUMA$3Per V 37$5137791-100$820030128$a2003$b58$c594$f09$FNON Prestabile$hA.58, quad.594 (2003)$i20030302$j20030401$k20030213 Z30 2$lUSA50$LAdministrative$mISSUE$1UMA$AUMA$3Per V 37$5137791-170$820030213$a2003$b58$c595$f09$FNON Prestabile$hA.58, quad.595 (2003)$i20030404$j20030504$k20030401 Z30 2$lUSA50$LAdministrative$mISSUE$1UMA$AUMA$3Per V 37$5137791-180$820030401$a2003$b58$c596$f09$FNON Prestabile$hA.58, quad.596 (2003)$i20030507$j20030606$k20030507 Z30 2$lUSA50$LAdministrative$mISSUE$1UMA$AUMA$3Per V 37$5137791-190$820030507$a2003$b58$c597$f09$FNON Prestabile$hA.58, quad.597 (2003)$i20030609$j20030709$k20030527 Z30 2$lUSA50$LAdministrative$mISSUE$1UMA$AUMA$3Per V 37$5137791-200$820030527$a2003$b58$c598$f09$FNON Prestabile$hA.58, quad.598 (2003)$i20030712$j20030811$k20030701 Z30 2$lUSA50$LAdministrative$mISSUE$1UMA$AUMA$3Per V 37$5137791-210$820030701$a2003$b58$c599$f09$FNON Prestabile$hA.58, quad.599 (2003)$i20030814$j20030913$k20030926 Z30 2$lUSA50$LAdministrative$mISSUE$1UMA$AUMA$3Per V 37$5137791-220$820030926$a2003$b58$c600$f09$FNON Prestabile$hA.58, quad.600 (2003)$i20030916$j20031016$k20040130 Z30 2$lUSA50$LAdministrative$mISSUE$1UMA$AUMA$3Per V 37$5137791-230$820040130$a2003$b58$c601$f09$FNON Prestabile$hA.58, quad.601 (2003)$i20031019$j20031118$k20040130 Z30 2$lUSA50$LAdministrative$mISSUE$1UMA$AUMA$3Per V 37$5137791-240$820040130$a2003$b58$c602$f09$FNON Prestabile$hA.58, quad.602 (2003)$i20031121$j20031221$k20040209 Z30 2$lUSA50$LAdministrative$mISSUE$1UMA$AUMA$3Per V 37$6167808$5137791-90$820030128$a2003$b58$c593$f09$FNON Prestabile$hA.58, quad.593 (gen.2003)$i20030128$j20030227$k20030128 LEADER 04666nam 22007213u 450 001 9910144100103321 005 20210106225940.0 010 $a1-281-84126-9 010 $a9786611841263 010 $a0-470-98674-3 035 $a(CKB)1000000000551036 035 $a(EBL)366748 035 $a(OCoLC)437234372 035 $a(SSID)ssj0000715297 035 $a(PQKBManifestationID)11407942 035 $a(PQKBTitleCode)TC0000715297 035 $a(PQKBWorkID)10700856 035 $a(PQKB)11472087 035 $a(MiAaPQ)EBC366748 035 $a(EXLCZ)991000000000551036 100 $a20161003d2008|||| u|| | 101 0 $aeng 135 $aur|n|---||||| 181 $ctxt 182 $cc 183 $acr 200 10$aAnthology of Spanish Psychiatric Texts$b[electronic resource] 210 $aChicester $cWiley$d2008 215 $a1 online resource (602 p.) 300 $aDescription based upon print version of record. 311 $a0-470-98675-1 327 $aAnthology of Spanish Psychiatric Texts; Contents; Preface; Presentation; Juan Luis Vives (1492-1540); De Anima et Vita; San Juan de Dios (1495-1550); Francisco Valle?s (1524-1592); Deiis Quae Scripta Sunt Physice; Juan Huarte de San Juan (1526-1588 ?); Examen de Ingenios para las Ciencias; Miguel Sabuco de Nantes (?- 1588); Nueva Filosofi?a de la Naturaleza; Andre?s Piquer y Arrufat ( 1711-1772 ); History of the Illness of King Fernando VI from Its Beginning till February 20th; Mariano Cubi? i Soler (1801- 1875); Phrenology and Its Glories; Pedro Mata (1811-1877) 327 $aCriterio Me?dico Psicolo?gico para el Diagno?stico Diferencial de la Pasi?on y Locura Emilio Pi y Molist (1824-1892); Barcelona Antigua y Moderna, t. II; Juan Gine? y Partaga?s (1836-1903); Tratado de Frenopatologi?a; Luis Simarro Lacabra (1851-1921); On the Concept of Moral Insanity; Juan Barcia Caballero (1852-1926); De Re Phrenopa?tica; Santiago Ramo?n y Cajal (1852-1934); Estructura y Conexiones de la Neuronas; Gonzalo Rodri?guez Lafora (1886-1971); Pathogenesis and Treatment of Schizophrenias; Jose? M. Sacrista?n (1887-1957); Actas Espagn?olas de Neurologi?a y Psiquiatria 327 $aGregorio Maran?o?n Posadillo (1887- 1960)Obras Completas, Ensayos, t. IX; Antonio VaIlejo Na?gera (1889-1960); Dementia Praecox y sus Manifestaciones Cli?nicas; Jose? Sanchi?s Banu?s (1890-1932); Differential Diagnosis between Schizophrenia and Manic-Depressive Psychosis ; Emilio Mira y Lo?pez (1896-1963); Current Status of the Concept of Schizophrenias; Ramo?n Sarro Burbano (1900-1994); Mythologematic Analysis of schizoparaphrenic Delusions ; Roma?n Alberca Lorente (1903-1966); On the Paranoid Reactions of the Blind (Sanchi?s Banu?s Syndrome); Angel Garma Zubizarreta (1904-1993); Cephalalgia 327 $aBartolome? Llopis Lloret (1905- 1966)Single Psychosis; Luis Rojas Ballesteros (1905-1974); Syndromes Most Frequently Observed in Emigrants; Luis Valenciano Gaya? (1905-1984); Paranoid Delusion and Vital Reason ; Juan Rof Carballo (1905-1994); Anthropological Medicine and Existential Philosophy; Juan Jose? Lo?pez Ibor (1906-1991); Las Neurosis como Enfermedades del Alma; The Structure of Neuroses; Perception and Delusional Mood; Dionisio Nieto (1908-1985); Cerebral Bases for Schizophrenia ; Santiago Montserrat Esteve (1910-1994); Psicologi?a y Psicopatogi?a Cibene?ticas 327 $aJulia?n de Ajuriaguerra Ochandiano (1911-1993)Operational Disintegration in Ageing; Manuel Cabaleiro Goas (1918-1987); Pseudoneurotic Schizophrenias; Luis Marti?n-Santos (1924-1964); Phenomenological Description and Existential Analysis of Some Acute Epileptic Psychoses 606 $aPsychiatry -- history -- Spain 606 $aPsychiatry -- History 606 $aPsychiatry -- Spain -- History 606 $aPsychiatry -- Spain 606 $aPsychiatry$2HILCC 606 $aHealth & Biological Sciences$2HILCC 606 $aPsychiatry - General$2HILCC 608 $aElectronic books. 615 4$aPsychiatry -- history -- Spain. 615 4$aPsychiatry -- History. 615 4$aPsychiatry -- Spain -- History. 615 4$aPsychiatry -- Spain. 615 7$aPsychiatry 615 7$aHealth & Biological Sciences 615 7$aPsychiatry - General 676 $a616.89 676 $a616.8900946 700 $aWiley$0848512 701 $aCarbonell$b Carlos$085589 701 $aGarrabe$b Jean$0863916 801 0$bAU-PeEL 801 1$bAU-PeEL 801 2$bAU-PeEL 906 $aBOOK 912 $a9910144100103321 996 $aAnthology of Spanish Psychiatric Texts$92137940 997 $aUNINA